UBT Library

A psychiatrist's casebook : (Record no. 39995)

000 -LEADER
fixed length control field 00661cam a2200229 a 4500
001 - CONTROL NUMBER
control field 3823031
005 - DATE AND TIME OF LATEST TRANSACTION
control field 20180110073012.0
008 - FIXED-LENGTH DATA ELEMENTS--GENERAL INFORMATION
fixed length control field 860221r19861981nyu b 001 0 eng c
010 ## - LIBRARY OF CONGRESS CONTROL NUMBER
LC control number 86005470
020 ## - INTERNATIONAL STANDARD BOOK NUMBER
International Standard Book Number 089042019x
040 ## - CATALOGING SOURCE
Original cataloging agency DNLM/DLC
Transcribing agency DLC
Modifying agency DLC
041 ## - LANGUAGE CODE
Language code of text/sound track or separate title eng
060 ## - NATIONAL LIBRARY OF MEDICINE CALL NUMBER
Classification number WM 15 A5123d 1980 Suppl.3 1981a
080 ## - UNIVERSAL DECIMAL CLASSIFICATION NUMBER
Universal Decimal Classification number 616.89075
082 00 - DEWEY DECIMAL CLASSIFICATION NUMBER
Classification number 616.89075 SPI
Edition number 19
100 ## - Rafti
Rafti 7
101 ## - Shkurtesa
Shkurtesa NEU
245 12 - TITLE STATEMENT
Title A psychiatrist's casebook :
Statement of responsibility, etc Robert L. Spitzer ... [et al.].
504 ## - BIBLIOGRAPHY, ETC. NOTE
Bibliography, etc Includes bibliographical references and indexes.
906 ## - LOCAL DATA ELEMENT F, LDF (RLIN)
a 7
b cbc
c orignew
d 1
e ocip
f 19
g y-gencatlg
942 ## - ADDED ENTRY ELEMENTS (KOHA)
Source of classification or shelving scheme
Item type Books
Holdings
Withdrawn status Lost status Source of classification or shelving scheme Damaged status Not for loan Collection code Permanent location Current location Shelving location Date acquired Total Checkouts Full call number Barcode Date last seen Price effective from Koha item type
          Koleksioni i përgjithshem UBT - Lipjan UBT - Lipjan Koleksioni i përgjithshem 01/10/2018   616.89075 SPI 002-2994851 01/10/2018 01/10/2018 Books
UBT Library © 2015-2024. All rights reserved University Education for Business and Technology